Pruebas para la propuesta en funcionamiento de un subsistema de potencia
Պահպանված է:
| Հիմնական հեղինակ: | |
|---|---|
| Այլ հեղինակներ: | |
| Ձևաչափ: | Գիրք |
| Հրապարակվել է: |
[San José , Costa Rica]
1983
|
| Ցուցիչներ: |
Ավելացրեք ցուցիչ
Չկան պիտակներ, Եղեք առաջինը, ով նշում է այս գրառումը!
|
MARC
| LEADER | 00000nam a2200000Ia 4500 | ||
|---|---|---|---|
| 003 | 002094 | ||
| 005 | 20221231144420.0 | ||
| 008 | 140114s1983 c a m 000 ||s d | ||
| 040 | |c cru CEDI | ||
| 090 | |a TFG 1295 | ||
| 100 | |a Calderón Vega, Guillermo E |9 15333 | ||
| 245 | |a Pruebas para la propuesta en funcionamiento de un subsistema de potencia | ||
| 260 | |c 1983 |a [San José , Costa Rica] | ||
| 300 | |a 199 hojas :ilustraciones | ||
| 500 | |a Proyecto de graduación (bachillerato en ingeniería eléctrica)--Universidad de Costa Rica. Facultad de Ingeniería. Escuela de Ingeniería Eléctrica. IE-502 | ||
| 700 | |9 15334 |a Rojas Aguilar, Luis Carlos | ||
| 942 | |c TFG |2 ddc | ||
| 999 | |c 21544 |d 21544 | ||
